03929cam a22005415i 4500001001400000003000700014005001700021006001900038007001500057008004100072020001800113024003500131040002600166050001600192072001500208072002300223072001400246082002300260082001400283100002800297245012700325250001300452260005400465300006200519347002400581505048100605506003401086520148601120538003602606650002202642650003502664650003302699650002302732655002902755700003302784700002902817700003302846700002602879700003402905710003402939710002002973710002202993773002603015776003603041776003603077776003603113856023803149ssj0002502853WaSeSS20230421161709.0m d cr n 210505s2021 xxu| o |||| 0|eng d a97814842684837 a10.1007/978-1-4842-6849-02doi dWaSeSScAIMIT LIBRARY 4aTK5105.5-.9 7aUT2bicssc 7aTEC0410002bisacsh 7aUT2thema04a621.3821221bCEBH04a004.62231 aZarate Ceballos, Henry.10aWireless Network Simulation :bA Guide using Ad Hoc Networks and the ns-3 Simulator /cby Henry Zarate Ceballos…[et al.] a1st ed.  aBerkeley, CA :bApress :bImprint: Apress,c2021. aXVI, 256 p. 41 illus., 32 illus. in color.bPB :c23.5 cm atext filebPDF2rda0 aChapter 1: Introduction to Simulation 3 -- Chapter 2: Wireless and Ad hoc Networks -- Chapter 3: Design of Simulation Experiments -- Chapter 4: Network Simulation using NS3 -- Chapter 5: Analyses of Results -- Chapter 6: Manet Simulation on NS3 -- Chapter 7: Manets and PLC on NS3.-Appendix A: Basic Statistics -- Appendix B: NS3 Installation -- Appendix C: Mininet -- Appendix C: NS3-GYM: Openai Gym Integration -- Appendix E: Experiment -- Appendix F: PLC Code Experiment.-. aRequires an SPL library card. aearn to run your own simulation by working with model analysis, mathematical background, simulation output data, and most importantly, a network simulator for wireless technology. This book introduces the best practices of simulator use, the techniques for analyzing simulations with artificial agents and the integration with other technologies such as Power Line Communications (PLC). Network simulation is a key technique used to test the future behavior of a network. It's a vital development component for the development of 5G, IoT, wireless sensor networks, and many more. This book explains the scope and evolution of the technology that has led to the development of dynamic systems such as Internet of Things and fog computing. You'll focus on the ad hoc networks with stochastic behavior and dynamic nature, and the ns-3 simulator. These are useful open tools for academics, researchers, students and engineers to deploy telecommunications experiments, proofs and new scenarios with a high degree of similarity with reality. You'll also benefit from a detailed explanation of the examples and the theoretical components needed to deploy wireless simulations or wired, if necessary. You will: Review best practices of simulator uses Understand techniques for analyzing simulations with artificial agents Apply simulation techniques and experiment design Program on ns-3 simulator Analyze simulation results Create new modules or protocols for wired and wireless networks. aMode of access: World Wide Web. 0aComputer networks 0aWireless communication systems 0aMobile communication systems 0aInternet of things 7aElectronic books.2local1 aParra Amaris, Jorge Ernesto.1 aJimenez Jimenez, Hernan.1 aRomero Rincon, Diego Alexis.1 aAgudelo Rojas, Oscar.1 aOrtiz Trivino, Jorge Eduardo.2 aSpringerLink (Online service)2 aO'Reilly (Firm)20aSerials Solutions0 tSpringer Nature eBook08iPrinted edition:z978148426848308iPrinted edition:z978148426850608iPrinted edition:z978148428525140yView this electronic item in O'Reilly Online Learning: Academic/Public Library Edition.uhttps://ezproxy.spl.org/login?url=https://learning.oreilly.com/library/view/~/9781484268490/?arzAn e-book available through full-text database.